[Event "Titled Tuesday intern op 21st Dec"]
[Site "Chess.com INT"]
[Date "2021.12.21"]
[Round "8"]
[White "Sailer, Mike L"]
[Black "Mikhailovsky, Vladimir"]
[Result "1/2-1/2"]
[WhiteElo "2109"]
[BlackElo "2184"]
[PlyCount "84"]
[EventDate "2021.12.21"]
[EventType "swiss (blitz)"]
[EventRounds "11"]
[EventCountry "USA"]
[SourceTitle "CBM 205 Extra"]
[Source "ChessBase"]
[SourceDate "2022.01.31"]
[SourceVersion "1"]
[SourceVersionDate "2022.01.31"]
[SourceQuality "1"]

1. d4 Nf6 2. Nf3 d5 3. Bf4 c5 4. e3 Nc6 5. Nc3 a6 6. Be2 Bf5 7. O-O e6 8. Ne5 Bd6 9. Bf3 O-O 10. Nxc6 bxc6 11. Bxd6 Qxd6 12. dxc5 Qxc5 13. Na4 Qa5 14. c3 c5 15. b3 Rac8 16. a3 Rb8 17. b4 cxb4 18. axb4 Qc7 19. Nc5 Rb6 20. Be2 Nd7 21. Nxd7 Qxd7 22. Rxa6 Rxa6 23. Bxa6 Qc6 24. Qa1 Ra8 25. b5 Qc5 26. Rc1 Bd3 27. Qa5 e5 28. Ra1 h5 29. h3 Rb8 30. Qb4 Qxb4 31. cxb4 Bxb5 32. Bxb5 Rxb5 33. Rb1 Kf8 34. Kf1 Ke7 35. Ke2 Kd6 36. Kd3 f5 37. f4 h4 38. Rb2 g6 39. Rb1 Rb6 40. Rb2 Rb5 41. Rb1 Rb6 42. Rb2 Rb5 1/2-1/2

[Event "Titled Tuesday intern op 21st Dec"]
[Site "Chess.com INT"]
[Date "2021.12.21"]
[Round "8"]
[White "Shahade, Gregory P"]
[Black "Kamsky, Gata"]
[Result "0-1"]
[WhiteElo "2476"]
[BlackElo "2657"]
[PlyCount "108"]
[EventDate "2021.12.21"]
[EventType "swiss (blitz)"]
[EventRounds "11"]
[EventCountry "USA"]
[SourceTitle "CBM 205 Extra"]
[Source "ChessBase"]
[SourceDate "2022.01.31"]
[SourceVersion "1"]
[SourceVersionDate "2022.01.31"]
[SourceQuality "1"]

1. e4 e5 2. Nf3 Nc6 3. Bb5 Nf6 4. d3 d6 5. O-O Bd7 6. c3 g6 7. Re1 Bg7 8. Nbd2 O-O 9. Nf1 Re8 10. Ng3 a6 11. Ba4 b5 12. Bc2 d5 13. Bg5 Be6 14. exd5 Bxd5 15. Ne4 Bxe4 16. dxe4 Qxd1 17. Raxd1 h6 18. Bxf6 Bxf6 19. Rd7 Re7 20. Red1 Kf8 21. Bb3 Na5 22. g4 Rae8 23. Kg2 Nb7 24. Rxe7 Kxe7 25. Bc2 c6 26. a4 Nd6 27. axb5 axb5 28. Ra1 Rd8 29. Ra6 c5 30. b3 c4 31. b4 Rb8 32. Kf1 Rb7 33. Ke2 Ne8 34. h4 Nc7 35. Ra5 Ne6 36. Ke3 Kd6 37. Ra6+ Kc7 38. Ra5 Kb6 39. Ra8 Ra7 40. Rxa7 Kxa7 41. h5 Kb6 42. hxg6 fxg6 43. Bd1 Kc7 44. Be2 Kd6 45. Bf1 Bd8 46. Ne1 Bg5+ 47. Ke2 Bc1 48. Nc2 Ng5 49. Bg2 h5 50. gxh5 gxh5 51. Kd1 Bf4 52. Ne1 h4 53. Nf3 h3 54. Bh1 Nxe4 0-1

[Event "Titled Tuesday intern op 21st Dec"]
[Site "Chess.com INT"]
[Date "2021.12.21"]
[Round "8"]
[White "Shapiro, Daniel E"]
[Black "Eynullayev, Atilla Elshan"]
[Result "0-1"]
[WhiteElo "2284"]
[BlackElo "2324"]
[PlyCount "78"]
[EventDate "2021.12.21"]
[EventType "swiss (blitz)"]
[EventRounds "11"]
[EventCountry "USA"]
[SourceTitle "CBM 205 Extra"]
[Source "ChessBase"]
[SourceDate "2022.01.31"]
[SourceVersion "1"]
[SourceVersionDate "2022.01.31"]
[SourceQuality "1"]

1. d4 Nf6 2. c4 e6 3. g3 d5 4. Nf3 Bb4+ 5. Nbd2 dxc4 6. Qc2 b5 7. Bg2 Bb7 8. O-O O-O 9. a4 a6 10. b3 cxb3 11. Nxb3 Be4 12. Qb2 Nbd7 13. Nbd2 Bxd2 14. Bxd2 Nb6 15. axb5 Nc4 16. Qb4 Nxd2 17. Nxd2 Bxg2 18. Kxg2 axb5 19. e4 Qd7 20. f3 e5 21. dxe5 Rxa1 22. Rxa1 c5 23. Qb2 Ne8 24. Ra5 Nc7 25. Ra7 Qc6 26. Qc3 Ne6 27. Nb3 Rd8 28. Qa5 c4 29. Nd2 h5 30. h4 c3 31. Nb3 c2 32. Qa1 Rd1 33. Nc1 Qc5 34. Ra8+ Kh7 35. Qa7 Qxa7 36. Rxa7 Rxc1 37. Rxf7 Rg1+ 38. Kxg1 c1=Q+ 39. Kg2 Qd2+ 0-1

[Event "Titled Tuesday intern op 21st Dec"]
[Site "Chess.com INT"]
[Date "2021.12.21"]
[Round "8"]
[White "Shimelkov, Vasiliy"]
[Black "Ibrahimli, Murad Sultanali"]
[Result "1-0"]
[WhiteElo "2159"]
[BlackElo "2418"]
[PlyCount "68"]
[EventDate "2021.12.21"]
[EventType "swiss (blitz)"]
[EventRounds "11"]
[EventCountry "USA"]
[SourceTitle "CBM 205 Extra"]
[Source "ChessBase"]
[SourceDate "2022.01.31"]
[SourceVersion "1"]
[SourceVersionDate "2022.01.31"]
[SourceQuality "1"]

1. d4 d5 2. Nf3 Nf6 3. c4 c6 4. Nc3 dxc4 5. a4 Bf5 6. e3 e6 7. Bxc4 Bb4 8. O-O Nbd7 9. Qe2 O-O 10. e4 Bg6 11. e5 Nd5 12. Nxd5 cxd5 13. Bd3 a6 14. Bxg6 fxg6 15. Bg5 Be7 16. Bd2 Nb8 17. b4 Nc6 18. Rab1 g5 19. h3 h6 20. Rfc1 Qb6 21. Qd3 Nxb4 22. Bxb4 Bxb4 23. a5 Qxa5 24. Qb3 Be7 25. Qxb7 Rae8 26. Qd7 Bd8 27. Rc8 Re7 28. Qc6 Rfe8 29. Rbb8 Kh7 30. Qc5 Qxc5 31. dxc5 Rd7 32. c6 Rf7 33. Rxd8 Rxd8 34. Rxd8 Rc7 1-0

[Event "Titled Tuesday intern op 21st Dec"]
[Site "Chess.com INT"]
[Date "2021.12.21"]
[Round "8"]
[White "Shtyka, Sergey"]
[Black "Popadic, Dragan"]
[Result "0-1"]
[WhiteElo "2154"]
[BlackElo "2143"]
[PlyCount "136"]
[EventDate "2021.12.21"]
[EventType "swiss (blitz)"]
[EventRounds "11"]
[EventCountry "USA"]
[SourceTitle "CBM 205 Extra"]
[Source "ChessBase"]
[SourceDate "2022.01.31"]
[SourceVersion "1"]
[SourceVersionDate "2022.01.31"]
[SourceQuality "1"]

1. e4 c5 2. Nf3 Nc6 3. d4 cxd4 4. Nxd4 Nf6 5. Nc3 e5 6. Ndb5 d6 7. Bg5 a6 8. Na3 b5 9. Bxf6 gxf6 10. Nd5 Bg7 11. c3 f5 12. exf5 Bxf5 13. Nc2 O-O 14. Nce3 Bd7 15. Bd3 f5 16. Qh5 e4 17. Bc2 Ne5 18. Nf4 Rf6 19. Rd1 Rh6 20. Qe2 Kh8 21. h3 Rb8 22. a3 Qg5 23. Ned5 Bc6 24. Kf1 Rg8 25. g3 Nf3 26. Ne3 Be5 27. Neg2 Rd8 28. Bb3 a5 29. Ne6 Rxe6 30. Bxe6 d5 31. Qe3 Qf6 32. Qb6 Ba8 33. Qxa5 d4 34. cxd4 Bxd4 35. Nf4 Re8 36. Bd5 Bxd5 37. Nxd5 Qe5 38. Qxb5 e3 39. Kg2 Qe4 40. Qxe8+ Qxe8 41. fxe3 Qe4 42. Kf2 Qxd5 43. exd4 Nxd4 44. Rd3 Qe4 45. Rhd1 Qe2+ 46. Kg1 Nf3+ 47. Rxf3 Qxf3 48. Rf1 Qxg3+ 49. Kh1 Qxh3+ 50. Kg1 Kg7 51. a4 Kg6 52. a5 Qe3+ 53. Kg2 Qe4+ 54. Kh2 Qe5+ 55. Kg2 Qxa5 56. b4 Qxb4 57. Rf2 Qg4+ 58. Kh1 h5 59. Kh2 Kg5 60. Kh1 h4 61. Kh2 Qg3+ 62. Kh1 Qe3 63. Kg1 Kg4 64. Kh1 Qh3+ 65. Kg1 Qg3+ 66. Kh1 Qf3+ 67. Kg1 Qxf2+ 68. Kh1 Qf3+ 0-1

[Event "Titled Tuesday intern op 21st Dec"]
[Site "Chess.com INT"]
[Date "2021.12.21"]
[Round "8"]
[White "Sinitsina, Anastassia"]
[Black "Kucuksari, Kaan"]
[Result "0-1"]
[WhiteElo "2159"]
[BlackElo "2337"]
[PlyCount "72"]
[EventDate "2021.12.21"]
[EventType "swiss (blitz)"]
[EventRounds "11"]
[EventCountry "USA"]
[SourceTitle "CBM 205 Extra"]
[Source "ChessBase"]
[SourceDate "2022.01.31"]
[SourceVersion "1"]
[SourceVersionDate "2022.01.31"]
[SourceQuality "1"]

1. Nf3 c5 2. g3 Nc6 3. Bg2 d5 4. O-O e5 5. d3 Nf6 6. Na3 Be7 7. e4 dxe4 8. dxe4 Qxd1 9. Rxd1 Nxe4 10. Re1 f5 11. Nc4 Bf6 12. Nfxe5 Nxe5 13. Nxe5 O-O 14. Nc4 Be6 15. Bf1 Rae8 16. c3 Bd5 17. Ne3 Bc6 18. Bc4+ Kh8 19. Bd5 Nxc3 20. Bxc6 bxc6 21. bxc3 Bxc3 22. Ba3 Bxe1 23. Rxe1 f4 24. gxf4 Rxf4 25. Bxc5 Rf5 26. Nxf5 Rxe1+ 27. Kg2 Re5 28. Bxa7 Rxf5 29. Bb6 Rf4 30. a3 Ra4 31. Bc5 Kg8 32. Kf3 Kf7 33. Ke3 Ke6 34. Kd3 Kd5 35. Bf8 g6 36. Kc3 Rf4 0-1

[Event "Titled Tuesday intern op 21st Dec"]
[Site "Chess.com INT"]
[Date "2021.12.21"]
[Round "8"]
[White "Sokolovsky, Yahli"]
[Black "Kadam, Om Manish"]
[Result "1-0"]
[WhiteElo "2390"]
[BlackElo "2114"]
[PlyCount "177"]
[EventDate "2021.12.21"]
[EventType "swiss (blitz)"]
[EventRounds "11"]
[EventCountry "USA"]
[SourceTitle "CBM 205 Extra"]
[Source "ChessBase"]
[SourceDate "2022.01.31"]
[SourceVersion "1"]
[SourceVersionDate "2022.01.31"]
[SourceQuality "1"]

1. b3 e5 2. Bb2 Nc6 3. e3 Nf6 4. Nf3 Bd6 5. d4 exd4 6. exd4 O-O 7. Be2 Re8 8. O-O b6 9. c4 Bb7 10. d5 Ne5 11. Nbd2 a5 12. Nd4 Ng6 13. N2f3 Nf4 14. Bd3 Ng4 15. Nf5 Be5 16. Nxe5 Nxe5 17. Bc2 Qg5 18. g3 d6 19. Bc1 Nh3+ 20. Kg2 Qf6 21. Kxh3 Bc8 22. Qh5 g6 23. Qg5 Qxg5 24. Bxg5 Nf3 25. Be3 Bxf5+ 26. Bxf5 gxf5 27. Kg2 Ne5 28. Bd4 a4 29. Rfd1 Ng6 30. f4 Re2+ 31. Bf2 Rb2 32. Rdb1 Rc2 33. Rc1 Re2 34. Re1 Rxe1 35. Rxe1 axb3 36. axb3 Kf8 37. Re3 Ra2 38. Rd3 Ke7 39. Kf3 f6 40. h4 h6 41. Bd4 h5 42. Re3+ Kf7 43. Re6 Ne7 44. Rxf6+ Ke8 45. Rh6 Ra3 46. Rxh5 Rxb3+ 47. Kg2 Rb4 48. Bf6 Rxc4 49. Rh8+ Kf7 50. Bxe7 Kxe7 51. Rh7+ Kf6 52. Rh6+ Kg7 53. Rh5 b5 54. Rg5+ Kf6 55. Rg8 Rc5 56. h5 Kf7 57. Rg5 Rc2+ 58. Kh3 Ra2 59. h6 b4 60. Rg7+ Kf6 61. Rxc7 Ra1 62. Kg2 Ra8 63. Rb7 Rh8 64. Rxb4 Rxh6 65. Rb7 Rg6 66. Rd7 Rg8 67. Rxd6+ Ke7 68. Re6+ Kd7 69. Re5 Kd6 70. Rxf5 Rg7 71. Kf3 Ra7 72. g4 Ra3+ 73. Kg2 Ra2+ 74. Kg3 Ra3+ 75. Kh4 Ra1 76. Kg5 Rh1 77. Re5 Rh8 78. Kf5 Rg8 79. g5 Rf8+ 80. Kg4 Ra8 81. Rf5 Ra4 82. g6 Ra1 83. Kg5 Rg1+ 84. Kf6 Rh1 85. g7 Rh6+ 86. Kf7 Rh7 87. Kg6 Rh1 88. g8=Q Rg1+ 89. Rg5 1-0

[Event "Titled Tuesday intern op 21st Dec"]
[Site "Chess.com INT"]
[Date "2021.12.21"]
[Round "8"]
[White "Stead, Kerry"]
[Black "Levkov, Daniel"]
[Result "0-1"]
[WhiteElo "1978"]
[BlackElo "1974"]
[PlyCount "86"]
[EventDate "2021.12.21"]
[EventType "swiss (blitz)"]
[EventRounds "11"]
[EventCountry "USA"]
[SourceTitle "CBM 205 Extra"]
[Source "ChessBase"]
[SourceDate "2022.01.31"]
[SourceVersion "1"]
[SourceVersionDate "2022.01.31"]
[SourceQuality "1"]

1. d4 f5 2. e4 fxe4 3. f3 Nf6 4. Bg5 d5 5. Nd2 Bf5 6. Bxf6 exf6 7. fxe4 dxe4 8. c3 Bd6 9. Nc4 Nc6 10. Ne2 Qd7 11. Nxd6+ Qxd6 12. Ng3 Bg6 13. Qg4 O-O 14. Bc4+ Kh8 15. O-O Rae8 16. Rae1 Nxd4 17. Nxe4 Bxe4 18. Rxe4 Rxe4 19. Qxe4 Nc6 20. Bd3 g6 21. Bc2 f5 22. Qh4 Ne5 23. h3 Qd2 24. Rf2 Qc1+ 25. Kh2 Nc6 26. Ba4 Qe3 27. Rf3 Qe5+ 28. Kh1 Re8 29. Bxc6 bxc6 30. Qa4 Qd6 31. Qxa7 Re1+ 32. Qg1 Rxg1+ 33. Kxg1 Kg7 34. a4 Qd1+ 35. Kf2 Qxa4 36. b4 Qc2+ 37. Kg3 Kf6 38. h4 h6 39. Kh3 g5 40. hxg5+ hxg5 41. Kg3 f4+ 42. Kg4 Qf5+ 43. Kh5 g4+ 0-1

[Event "Titled Tuesday intern op 21st Dec"]
[Site "Chess.com INT"]
[Date "2021.12.21"]
[Round "8"]
[White "Tsatsalashvili, Ketevan"]
[Black "Vlassov, Nikolai"]
[Result "0-1"]
[WhiteElo "2331"]
[BlackElo "2294"]
[PlyCount "140"]
[EventDate "2021.12.21"]
[EventType "swiss (blitz)"]
[EventRounds "11"]
[EventCountry "USA"]
[SourceTitle "CBM 205 Extra"]
[Source "ChessBase"]
[SourceDate "2022.01.31"]
[SourceVersion "1"]
[SourceVersionDate "2022.01.31"]
[SourceQuality "1"]

1. d4 Nf6 2. c4 Nc6 3. d5 Ne5 4. e3 e6 5. Nc3 Bc5 6. Be2 O-O 7. Nf3 d6 8. Nxe5 dxe5 9. O-O exd5 10. cxd5 Bf5 11. b3 a6 12. Bb2 Qd6 13. Na4 Ba7 14. Nc3 Rad8 15. Rc1 Bb6 16. Qd2 Nxd5 17. Nxd5 Qxd5 18. Qxd5 Rxd5 19. Bc4 Rd2 20. Bxe5 Rxa2 21. Rfd1 Bg4 22. Rd3 h6 23. h3 Bf5 24. Rdd1 Re8 25. Bd4 Bxd4 26. Rxd4 Re7 27. Rd8+ Kh7 28. g4 Be4 29. Rd4 c5 30. Rxe4 Rxe4 31. Bd3 f5 32. Bxe4 fxe4 33. Rxc5 Rb2 34. Rc3 b5 35. Rc6 a5 36. Ra6 Ra2 37. Rb6 b4 38. Ra6 Kg8 39. Ra7 g5 40. Rb7 Ra3 41. Rb5 Kf7 42. Kg2 Ke6 43. Kg3 Kd6 44. h4 Kc6 45. Rb8 Rxb3 46. hxg5 hxg5 47. Rg8 a4 48. Rxg5 a3 49. Ra5 Kb6 50. Ra8 Kb7 51. Ra5 Kb6 52. Ra8 Rb1 53. Kg2 Rd1 54. g5 Rd5 55. f4 exf3+ 56. Kxf3 Rxg5 57. Kf4 Rg1 58. e4 Kc5 59. e5 Kc4 60. Kf5 Kb3 61. e6 Kb2 62. Ra5 Rg8 63. Kf6 b3 64. Kf7 Rh8 65. Kg7 Rb8 66. Kf7 a2 67. e7 a1=Q 68. Rb5 Qf1+ 69. Kg7 Qxb5 70. e8=Q Qxe8 0-1

[Event "Titled Tuesday intern op 21st Dec"]
[Site "Chess.com INT"]
[Date "2021.12.21"]
[Round "8"]
[White "Valgmae, Toomas"]
[Black "Fanha, Paulo Alexandre Mar"]
[Result "1-0"]
[WhiteElo "2270"]
[BlackElo "1665"]
[PlyCount "79"]
[EventDate "2021.12.21"]
[EventType "swiss (blitz)"]
[EventRounds "11"]
[EventCountry "USA"]
[SourceTitle "CBM 205 Extra"]
[Source "ChessBase"]
[SourceDate "2022.01.31"]
[SourceVersion "1"]
[SourceVersionDate "2022.01.31"]
[SourceQuality "1"]

1. d4 d5 2. c4 e6 3. Nc3 Nf6 4. Bg5 c6 5. e3 Nbd7 6. Nf3 h6 7. Bh4 Be7 8. Bd3 O-O 9. O-O Nh5 10. Bxe7 Qxe7 11. e4 Nf4 12. exd5 Nxd3 13. Qxd3 exd5 14. cxd5 cxd5 15. Nxd5 Qd6 16. Ne3 Nf6 17. Rfd1 Bg4 18. Nxg4 Nxg4 19. d5 Rad8 20. Rd2 Rd7 21. Rad1 Rfd8 22. Qf5 Nf6 23. Ne5 Re7 24. Nc4 Qc5 25. Ne3 Red7 26. h3 Qa5 27. a3 Rd6 28. Nc4 Rxd5 29. Nxa5 Rxf5 30. Rxd8+ Kh7 31. Nxb7 Rb5 32. Nd6 Rxb2 33. Nxf7 Ne4 34. Rf1 Nc3 35. Rd7 a5 36. Ra7 a4 37. Nd6 Ra2 38. Nf5 Rxa3 39. Rxg7+ Kh8 40. Re1 1-0

[Event "Titled Tuesday intern op 21st Dec"]
[Site "Chess.com INT"]
[Date "2021.12.21"]
[Round "8"]
[White "Wagner, Dennis"]
[Black "Rozhkov, Viacheslav"]
[Result "1/2-1/2"]
[WhiteElo "2584"]
[BlackElo "2248"]
[PlyCount "149"]
[EventDate "2021.12.21"]
[EventType "swiss (blitz)"]
[EventRounds "11"]
[EventCountry "USA"]
[SourceTitle "CBM 205 Extra"]
[Source "ChessBase"]
[SourceDate "2022.01.31"]
[SourceVersion "1"]
[SourceVersionDate "2022.01.31"]
[SourceQuality "1"]

1. d4 d5 2. c4 dxc4 3. Nf3 Nf6 4. e3 e6 5. Bxc4 a6 6. O-O c5 7. Nc3 b5 8. Be2 Bb7 9. dxc5 Bxc5 10. Qxd8+ Kxd8 11. Nd2 Nbd7 12. Nb3 Bb6 13. Rd1 Ke7 14. a4 b4 15. a5 bxc3 16. axb6 c2 17. Rd2 Rhc8 18. Na5 Rab8 19. Nxb7 Rxb7 20. Bxa6 Ra8 21. Bxb7 Rxa1 22. Rxc2 Nxb6 23. Kf1 Nfd7 24. Ke2 f6 25. Bd2 Rb1 26. Bb4+ Kf7 27. Ba3 f5 28. Rc7 Kf6 29. Bc6 Ne5 30. Be8 Nd5 31. Ra7 Nc4 32. Rf7+ Ke5 33. Kd3 Nxa3 34. bxa3 Rb3+ 35. Ke2 Rxa3 36. Rxg7 f4 37. Rxh7 fxe3 38. fxe3 Rxe3+ 39. Kf2 Ra3 40. Rf7 Nf4 41. g3 Nd5 42. Kg2 Nf6 43. Bc6 Rc3 44. Bf3 Rc2+ 45. Kh3 Rc3 46. Bg2 Rc2 47. Ra7 Kf5 48. Ra1 e5 49. Rf1+ Kg5 50. Re1 Kf5 51. Bf1 e4 52. Be2 Nd5 53. Kg2 Ne3+ 54. Kf2 Nd5 55. h4 Ke5 56. h5 Nc3 57. h6 Kd4 58. h7 Nxe2 59. Rxe2 Rc8 60. Rd2+ Ke5 61. Rd7 Rh8 62. Ke3 Kf5 63. Rg7 Ke5 64. Rg6 Rxh7 65. Rg5+ Kf6 66. Ra5 Re7 67. Ra4 Kf5 68. Ra1 Kg4 69. Rf1 Kxg3 70. Rg1+ Kh2 71. Rg8 Kh3 72. Rf8 Kg4 73. Rf4+ Kg5 74. Rxe4 Rxe4+ 75. Kxe4 1/2-1/2

[Event "Titled Tuesday intern op 21st Dec"]
[Site "Chess.com INT"]
[Date "2021.12.21"]
[Round "8"]
[White "Ward, Ieuan C"]
[Black "Tomaszewski, Kacper"]
[Result "0-1"]
[WhiteElo "2028"]
[BlackElo "2307"]
[PlyCount "72"]
[EventDate "2021.12.21"]
[EventType "swiss (blitz)"]
[EventRounds "11"]
[EventCountry "USA"]
[SourceTitle "CBM 205 Extra"]
[Source "ChessBase"]
[SourceDate "2022.01.31"]
[SourceVersion "1"]
[SourceVersionDate "2022.01.31"]
[SourceQuality "1"]

1. e4 c5 2. Nc3 Nc6 3. g3 Rb8 4. Bg2 b5 5. d3 b4 6. Nce2 e5 7. f4 d6 8. Nf3 Be7 9. O-O Nf6 10. h3 O-O 11. Be3 h6 12. Qd2 Re8 13. a3 a5 14. axb4 axb4 15. g4 exf4 16. Bxf4 Nd7 17. c3 bxc3 18. bxc3 Nde5 19. Nxe5 dxe5 20. Be3 Bg5 21. Bxg5 hxg5 22. Ng3 c4 23. Rad1 cxd3 24. Qxd3 Qxd3 25. Rxd3 Ba6 26. Rd6 Bxf1 27. Bxf1 Re6 28. Rxe6 fxe6 29. Bc4 Nd8 30. Nf5 Kf7 31. Kf2 Kf6 32. Nd6 Ke7 33. Nb5 Rc8 34. Bd3 Nb7 35. Ke3 Nd6 36. Nxd6 Kxd6 0-1

[Event "Titled Tuesday intern op 21st Dec"]
[Site "Chess.com INT"]
[Date "2021.12.21"]
[Round "8"]
[White "Wieczorek, Zbigniew"]
[Black "Polaczek, Richard"]
[Result "0-1"]
[WhiteElo "2155"]
[BlackElo "2360"]
[PlyCount "92"]
[EventDate "2021.12.21"]
[EventType "swiss (blitz)"]
[EventRounds "11"]
[EventCountry "USA"]
[SourceTitle "CBM 205 Extra"]
[Source "ChessBase"]
[SourceDate "2022.01.31"]
[SourceVersion "1"]
[SourceVersionDate "2022.01.31"]
[SourceQuality "1"]

1. Nf3 d5 2. g3 c6 3. Bg2 Bg4 4. O-O Nd7 5. d4 e6 6. c4 Ngf6 7. cxd5 exd5 8. Ne5 Be6 9. Bf4 Be7 10. Nc3 O-O 11. e4 dxe4 12. Nxe4 Nxe4 13. Bxe4 Nf6 14. Bg2 Bd5 15. Bh3 Bd6 16. Re1 Re8 17. Qd3 Be6 18. Bxe6 Rxe6 19. Qf5 Qe8 20. Nd3 Bxf4 21. Rxe6 Qxe6 22. Qxe6 fxe6 23. Nxf4 Kf7 24. Re1 Re8 25. f3 Re7 26. Kf2 g5 27. Nd3 Nd5 28. Nc5 b6 29. Ne4 Kg6 30. Nd6 h6 31. Nc4 Kf6 32. Ne5 Rc7 33. Rc1 c5 34. Ng4+ Kg6 35. dxc5 bxc5 36. Re1 Re7 37. Ne5+ Kf6 38. Ng4+ Kg7 39. Re2 h5 40. Ne5 Kf6 41. Nc4 Rb7 42. b3 Nc3 43. Rc2 Nb5 44. Ke3 Nd4 45. Rd2 Nf5+ 46. Kf2 Rh7 0-1

[Event "Titled Tuesday intern op 21st Dec"]
[Site "Chess.com INT"]
[Date "2021.12.21"]
[Round "9"]
[White "Aung, Thant Zin"]
[Black "Muromtsev, Arthur"]
[Result "0-1"]
[WhiteElo "2268"]
[BlackElo "2129"]
[PlyCount "86"]
[EventDate "2021.12.21"]
[EventType "swiss (blitz)"]
[EventRounds "11"]
[EventCountry "USA"]
[SourceTitle "CBM 205 Extra"]
[Source "ChessBase"]
[SourceDate "2022.01.31"]
[SourceVersion "1"]
[SourceVersionDate "2022.01.31"]
[SourceQuality "1"]

1. e4 e5 2. Nf3 Nc6 3. d4 exd4 4. Nxd4 Bc5 5. Nb3 Bb6 6. a4 Qf6 7. Qe2 a5 8. Nc3 Nge7 9. Nd5 Nxd5 10. exd5+ Ne7 11. h4 h6 12. Bg5 Qd6 13. Be3 O-O 14. Bxb6 cxb6 15. O-O-O Nxd5 16. Kb1 Qe6 17. Qf3 Nb4 18. Bd3 d5 19. Rhe1 Qd7 20. Bb5 Qf5 21. Nd4 Qxf3 22. gxf3 Bh3 23. c3 Na6 24. Re7 Nc5 25. Rh1 Be6 26. f4 Rfc8 27. f5 Kf8 28. fxe6 Kxe7 29. exf7 Kxf7 30. h5 Rc7 31. Rg1 Ne4 32. Rg6 Nf6 33. Nf5 Nxh5 34. Rd6 Nf6 35. Rxb6 h5 36. Kc2 Rh8 37. Nh4 g5 38. Nf3 Ne4 39. Ne5+ Kg7 40. Rg6+ Kh7 41. Rb6 Rf8 42. f3 Nf6 43. Bd3+ Kg7 0-1

[Event "Titled Tuesday intern op 21st Dec"]
[Site "Chess.com INT"]
[Date "2021.12.21"]
[Round "9"]
[White "Barria Zuniga, Daniel"]
[Black "Nechaeva, Marina"]
[Result "1-0"]
[WhiteElo "2341"]
[BlackElo "2384"]
[PlyCount "119"]
[EventDate "2021.12.21"]
[EventType "swiss (blitz)"]
[EventRounds "11"]
[EventCountry "USA"]
[SourceTitle "CBM 205 Extra"]
[Source "ChessBase"]
[SourceDate "2022.01.31"]
[SourceVersion "1"]
[SourceVersionDate "2022.01.31"]
[SourceQuality "1"]

1. d4 Nf6 2. c4 e6 3. Nf3 b6 4. g3 Ba6 5. Qc2 c5 6. d5 Bb7 7. Bg2 exd5 8. cxd5 Nxd5 9. O-O Nc6 10. a3 Be7 11. Rd1 Nc7 12. Nc3 O-O 13. e4 Ne6 14. Be3 d6 15. Rd2 Qb8 16. Rad1 Bf6 17. Nb5 a6 18. Nxd6 Ned4 19. Bxd4 Nxd4 20. Nxd4 Bxd4 21. Nxb7 Qxb7 22. e5 Qd7 23. Bxa8 Rxa8 24. Qc4 Rd8 25. Qxa6 Qe6 26. b4 Re8 27. bxc5 Bxc5 28. Rd8 g6 29. Qa8 Rxd8 30. Qxd8+ Kg7 31. Qf6+ Qxf6 32. exf6+ Kxf6 33. a4 h5 34. Kg2 Kf5 35. f3 Kf6 36. f4 Kf5 37. Kf3 Kf6 38. h3 Ke6 39. g4 hxg4+ 40. hxg4 Ke7 41. Ke4 Ke6 42. g5 Bf2 43. Rd5 Bg1 44. Re5+ Kd6 45. Rb5 Ke6 46. f5+ gxf5+ 47. Rxf5 Ke7 48. Rf1 Bc5 49. Kf5 Bd4 50. Rd1 Bc5 51. Rh1 Bd4 52. Rc1 Kf8 53. Rc6 Kg7 54. Rc7 Kf8 55. Rb7 Kg8 56. Ke4 Bc5 57. Rc7 Bg1 58. Kf5 Bf2 59. Rd7 Be3 60. Kf6 1-0

[Event "Titled Tuesday intern op 21st Dec"]
[Site "Chess.com INT"]
[Date "2021.12.21"]
[Round "9"]
[White "Barrionuevo, Pablo"]
[Black "Wieczorek, Zbigniew"]
[Result "0-1"]
[WhiteElo "2259"]
[BlackElo "2155"]
[PlyCount "64"]
[EventDate "2021.12.21"]
[EventType "swiss (blitz)"]
[EventRounds "11"]
[EventCountry "USA"]
[SourceTitle "CBM 205 Extra"]
[Source "ChessBase"]
[SourceDate "2022.01.31"]
[SourceVersion "1"]
[SourceVersionDate "2022.01.31"]
[SourceQuality "1"]

1. c4 e5 2. g3 Nf6 3. Bg2 Nc6 4. Nf3 Bc5 5. O-O d6 6. Nc3 a6 7. d3 h6 8. a3 Nd4 9. Nd2 O-O 10. b4 Ba7 11. e3 Ne6 12. Bb2 c6 13. h3 d5 14. c5 Bb8 15. Na4 Bc7 16. Nb3 Bd7 17. f4 exf4 18. gxf4 Nh7 19. Qg4 Nd4 20. Nxd4 Bxg4 21. hxg4 g6 22. Bf3 Re8 23. Rae1 Nf8 24. Kg2 Ne6 25. Rh1 Nxf4+ 26. exf4 Rxe1 27. Rxe1 Bxf4 28. Nb6 Rb8 29. Nb3 Qh4 30. Kf1 Qg3 31. Ke2 Qh2+ 32. Kd1 Qxb2 0-1

[Event "Titled Tuesday intern op 21st Dec"]
[Site "Chess.com INT"]
[Date "2021.12.21"]
[Round "9"]
[White "Bifulco, Michel"]
[Black "Bykovskiy, Oleg"]
[Result "1-0"]
[WhiteElo "2338"]
[BlackElo "2199"]
[PlyCount "97"]
[EventDate "2021.12.21"]
[EventType "swiss (blitz)"]
[EventRounds "11"]
[EventCountry "USA"]
[SourceTitle "CBM 205 Extra"]
[Source "ChessBase"]
[SourceDate "2022.01.31"]
[SourceVersion "1"]
[SourceVersionDate "2022.01.31"]
[SourceQuality "1"]

1. d4 d6 2. e4 Nf6 3. Nc3 e5 4. dxe5 dxe5 5. Qxd8+ Kxd8 6. Bg5 Be6 7. g3 Bb4 8. O-O-O+ Ke7 9. Nd5+ Bxd5 10. exd5 Nbd7 11. Nf3 h6 12. Bxf6+ Kxf6 13. Bb5 Rad8 14. c3 Bd6 15. Rhe1 a6 16. Bxd7 Rxd7 17. Nd2 g6 18. c4 b6 19. Kc2 Kg7 20. Kc3 f5 21. b4 a5 22. a3 axb4+ 23. axb4 e4 24. Nf1 Ra8 25. Kb3 Rdd8 26. Ra1 Be5 27. Rxa8 Rxa8 28. Ne3 Kf6 29. c5 bxc5 30. bxc5 Rb8+ 31. Kc4 Rb2 32. Nd1 Rc2+ 33. Kb5 Rc1 34. Rf1 Bd4 35. c6 Rc5+ 36. Ka6 Rxd5 37. Kb7 Be5 38. Ne3 Rb5+ 39. Kc8 Rc5 40. Kd7 g5 41. Rd1 h5 42. Nd5+ Kg6 43. Nxc7 Bxc7 44. Kxc7 f4 45. gxf4 gxf4 46. Kd6 Rc2 47. c7 Kf5 48. Rd5+ Kg4 49. Rc5 1-0

[Event "Titled Tuesday intern op 21st Dec"]
[Site "Chess.com INT"]
[Date "2021.12.21"]
[Round "9"]
[White "Bonte, Andrei Mihai"]
[Black "Merriman, John"]
[Result "1-0"]
[WhiteElo "2340"]
[BlackElo "2261"]
[PlyCount "83"]
[EventDate "2021.12.21"]
[EventType "swiss (blitz)"]
[EventRounds "11"]
[EventCountry "USA"]
[SourceTitle "CBM 205 Extra"]
[Source "ChessBase"]
[SourceDate "2022.01.31"]
[SourceVersion "1"]
[SourceVersionDate "2022.01.31"]
[SourceQuality "1"]

1. d4 Nf6 2. c4 e6 3. Nc3 Bb4 4. e3 O-O 5. Nge2 d5 6. a3 Be7 7. cxd5 exd5 8. Nf4 c6 9. Bd3 Re8 10. O-O Nbd7 11. Bc2 Nf8 12. f3 c5 13. dxc5 Bxc5 14. Nfxd5 Nxd5 15. Qxd5 Qe7 16. Re1 Be6 17. Qe4 g6 18. Qf4 Bd6 19. Qh6 Be5 20. e4 Nd7 21. Be3 Rac8 22. Rac1 Bg7 23. Qf4 Ne5 24. Nd5 Bxd5 25. exd5 Nc4 26. Bf2 Qd7 27. Rxe8+ Qxe8 28. Bb3 Nxb2 29. Rxc8 Qxc8 30. d6 Nd3 31. Qxf7+ Kh8 32. Be3 Ne5 33. Qe6 Qd8 34. f4 Nc6 35. d7 Bf6 36. g4 h6 37. h4 Bxh4 38. Qxg6 Qf8 39. Qe8 Be7 40. Kg2 Kg7 41. Bd2 Bf6 42. Qe6 1-0